| 000 | 00348nam a22001457a 4500 | ||
|---|---|---|---|
| 003 | OSt | ||
| 005 | 20160727222348.0 | ||
| 008 | 160621b xxu||||| |||| 00| 0 eng d | ||
| 040 | _cTEST | ||
| 100 |
_9320 _aThe World Book Encylopedia |
||
| 245 | _aThe World Book | ||
| 260 |
_aLON _b World Book Inc. _c1993 |
||
| 300 | _aThe World Book | ||
| 942 |
_2ddc _cBK |
||
| 999 |
_c259 _d259 |
||